Художественная энциклопедия (Запис номер 130213)
[ съкратено ]
| 000 -Лидер | |
|---|---|
| Контролно поле с фиксирана дължина | nam a22 a 4500 |
| 003 - Код на организацията, давaща контролен номер | |
| Контролно поле | BLK |
| 005 - Дата и час на последна редакция | |
| Контролно поле | 20201021123405.0 |
| 008 - Елементи от данни с фиксирана дължина | |
| fixed length control field | 180409b bul|||||r ||||||| ||bul|| |
| 010 ## - Наследен системен номер | |
| LC control number | KNG00135973000 |
| 040 ## - Източник на каталожния запис | |
| Идентификатор на билиотеката - собственик на записа | BLK |
| 041 ## - Код за език | |
| Код за езика на текст/звукозапис или на отделно заглавие | Руски |
| Код за езика КДБФ | Руски |
| 072 #7 - Код за тематичната категория | |
| Код организация | bullib |
| Код за тематична категория | Ц |
| Текст | Редки и ценни |
| 080 ## - УДК | |
| Текстов определител УДК | Изкуство. Художествени занаяти. Фотография. Музика. Развлечения. Игри. Спорт |
| УДК код - определител по УДК | 7 |
| УДК определител | (031) |
| УДК - код + определител | 7(031) |
| 139 ## - Редно поле | |
| Редна дума | Булгаков, Федор Ильич |
| Авторски знак | Бук - Б 85 |
| 245 10 - Сведения за заглавието | |
| Заглавие | Художественная энциклопедия |
| Подзаглавни данни | Ил. словарь искусств и художеств : Т. 1 - |
| Редно поле (дума) | состав. Федор Ильич Булгаков. |
| Том | Т. 1 |
| Заглавие на том | А - И |
| 257 ## - Страна на издаване | |
| Страна на създаване/издаване | Русия |
| 260 ## - Област на издателските данни | |
| Име на издателя, разпространителя и проч. | А. С. Суворин |
| Година на издаване | 1886 - |
| Печатница | С.-Петербург : типогр. А. С. Суворина |
| Място на издаване, разпространение и проч. | С.-Петербург |
| 300 ## - Физическа характеристика | |
| Размери/Мащаб | 23 см |
| 380 ## - Жанр | |
| Жанр | Изкуство |
| 490 ## - СЕРИИ (Колекции) | |
| 9 (RLIN) | 435080 |
| Име на серия | Колекция Редки и ценни издания |
| 650 #4 - Допълнително описание по предмет – тема | |
| Основно описание – тема или топоним | Изкуство - енциклопедии |
| 9 (RLIN) | 244738 |
| 650 #4 - Допълнително описание по предмет – тема | |
| Основно описание – тема или топоним | Приложно и декоративно изкуство |
| 9 (RLIN) | 248151 |
| 650 #4 - Допълнително описание по предмет – тема | |
| Основно описание – тема или топоним | Живопис |
| 9 (RLIN) | 155358 |
| 650 #4 - Допълнително описание по предмет – тема | |
| Основно описание – тема или топоним | Архитектура |
| 9 (RLIN) | 147603 |
| 653 ## - Ключова дума – ненормативна | |
| Ключова дума | енциклопедии |
| 653 ## - Ключова дума – ненормативна | |
| Ключова дума | изкуство |
| 659 ## - Тематичен бюлетин | |
| Тематичен бюлетин | Ц |
| 700 1# - Други автори (авторска отговорност) | |
| Лично име | Булгаков, Федор Ильич |
| Автороска отговорност (Описва отношението между автора и произведението) | состав. |
| 9 (RLIN) | 322101 |
| 760 1# - Описание на основната серия | |
| Място на издаване, издател и година | 1886 |
| Страници - том | VІІІ, 402, ІV с. : с ил. |
| Заглавие | Т. 1 А - И |
| 852 ## - Местоположение | |
| Форматна сигнатура | Рр 886 |
| Фондова буква | Редки и ценни |
| 856 4# - Електронен адрес и достъп | |
| Електронен формат | pdf - файл |
| 999 ## - СИСТЕМНИ КОНТРОЛНИ НОМЕРА | |
| Koha biblionumber | 130213 |
| Koha biblioitemnumber | 130213 |
| 942 ## - АРТИКУЛИ | |
| Вид на библиотечния материал | Книги |
| Скрит в OPAC | Не |
| Периодичен библиозапис | Да |
| 944 ## - СЪЗДАВАНЕ И РЕДАКЦИЯ на ЗАПИСА | |
| Създаване/Редакция | Създаване |
| Дата на регистрацията/редакция | 07.11.2012 |
| Статус, дата на статуса | ф / 07.11.2012 |
| Служител, извършил регистрацията/редакцията | Наталия_Медовщикова |
| 944 ## - СЪЗДАВАНЕ И РЕДАКЦИЯ на ЗАПИСА | |
| Създаване/Редакция | Редакция |
| Дата на регистрацията/редакция | 2020-10-21 |
| 999 ## - СИСТЕМНИ КОНТРОЛНИ НОМЕРА | |
| Koha biblioitemnumber | 130213 |
| Код за отписване | Код за изгубен артикул | Източник на класификационната схема | Код за повреда | Коз за рестрикции | Код за отдаване | Артикулен № | Име на библиотеката - собственик | Име на библиотеката, в която се намира в момента | Статус (Текущо местоположение) | Дата на вписване в системата | Местоположение - отдел | Цена в лева | Инвентарен номер | Систематично азбучна сигнатура | Баркод | Номер на екземпляра | Цена в евро | Служебна бележка | Служебен тип на артикула |
|---|---|---|---|---|---|---|---|---|---|---|---|---|---|---|---|---|---|---|---|
| Не е изгубен | Universal Decimal Classification | Не е повреден | само за читалня | Специални фондове ( старопечатни, редки и ценни, фонд М. Арнаудов) | 211686 | Регионална библиотека "Любен Каравелов" Русе | Регионална библиотека "Любен Каравелов" Русе | Редки и ценни | 1886-01-01 | Редки и ценни | 0.32 | 33266 | Рр 886 | 900000036748 | 1 | 0.16 | N: стар фонд Дата: 01.01.1886 Дата инв: 15.12.2016 Бележки инв: Рц2016 | Книги |